000 00518nmm a2200193 a 4500
003 AR-X00000XY
005 20251128212021.0
008 147020s1962 ||||||||||||||000 | spa||
040 _cAR-X00000XY
100 1 _aGombrowicz, Witold
245 1 0 _aLa pornographie
_broman
260 _aParis
_bRené Julliard
_c1962
300 0 _a228 p.
500 0 _aCon firma y anotaciones manuscritas de Alejandra Pizarnik
655 _aLITERATURA
700 1 _aLisowski, Georges
_etraductor
942 _cBK
998 _cmartin
999 _c22094
_d22094